MARC

LEADER 00000nam0a2200000 4500
001 246475
005 20231101232217.0
010 |a 0471380768 
035 |a (RuTPU)RU\TPU\book\267926 
090 |a 246475 
100 |a 20131204d2000 km y0engy50 ba 
101 0 |a eng 
102 |a US 
105 |a y z 000zy 
200 1 |a The Global Resume and CV Guide  |f M. A. Thompson 
210 |a New York  |c John Wiley & Sons, Inc.  |d 2000 
215 |a 294 p. 
606 1 |a Персонал  |x Управление  |2 stltpush  |3 (RuTPU)RU\TPU\subj\36605  |9 57925 
610 1 |a труд 
610 1 |a кадры 
610 1 |a кадровый менеджмент 
610 1 |a персонал-технологии 
610 1 |a отбор 
610 1 |a резюме 
610 1 |a составление 
610 1 |a образцы 
610 1 |a требования 
610 1 |a страны мира 
610 1 |a английский язык 
686 |a У824  |v LBC/SL-A  |2 rubbk 
700 1 |a Thompson  |b M. A.  |g Mary Anne 
801 1 |a RU  |b 63413507  |c 20131204 
801 2 |a RU  |b 63413507  |c 20131211  |g RCR 
942 |c BK